| 000 | 00938nam a22002177a 4500 | ||
|---|---|---|---|
| 001 | BD-DhSAU 8422 | ||
| 003 | BD-DhSAU | ||
| 005 | 20150628172323.0 | ||
| 008 | 150612b1985 bg ||||| |||| 00| 0 ben d | ||
| 040 | _aBD-DhSAU | ||
| 082 |
_222 _a৫২০.৩ _bজ্যোতিবি |
||
| 245 |
_aজ্যোতির্বিদ্যা পরিভাষাকোষ / _cসম্পাদনায়, এম. আবদুল জব্বার, রমজান আলী, এ. এম. হারুন-অর-রশিদ |
||
| 260 |
_aঢাকা : _bবাংলা একাডেমী, _c১৯৮৫. |
||
| 300 |
_a১৫ পৃ। : _c২১ সে মি। |
||
| 590 | _aJerin | ||
| 650 | _aজ্যোতির্বিদ্যা | ||
| 700 | _aআবদুল জব্বার, এম. | ||
| 700 | _aআলী, রমজান | ||
| 700 | _aহারুন-অর-রশিদ, এম. | ||
| 942 |
_2ddc _cBOOK |
||
| 999 |
_c8422 _d8422 |
||